000 00517nam a2200181Ia 4500
999 _c14289
_d14289
003 OSt
005 20201016151514.0
008 190216s9999||||xx |||||||||||||| ||und||
020 _a9780743263894
040 _coclc
082 _a530.092
_bWHI/E
100 _aWhite, Michael
_95839
245 0 _aEinstein A Life In Science /
_cMichael White ; John Gribbin
260 _bFree Press,
_aUK:
_c2005.
300 _a279p
650 _aBiography
942 _cBK
_2ddc
_h530.092
_iWHI/E
_k530.092
_mWHI/E